Gramática elemental según el sistema cíclico. Segundo grado.

Gespeichert in:
Bibliographische Detailangaben
1. Verfasser: P.R.P Autor
Format: keine Angabe
Sprache:Katalanisch
Erschienen: Barcelona Imprenta Elzeviriana- Borrás, Mestres y Cª 1915
Katalog:MANES:  Suchergebnis im Bibliothekskatalog
Schulbuchspezifische Eigenschaften:
Schlagworte:
Tags: Tag hinzufügen
Keine Tags, Fügen Sie den ersten Tag hinzu!
Hinzugefügt zu:26.04.2016

MARC

LEADER 000000000a22000000004500
001 38472
008 160427s sp ||||| |||| 00| 0 cat d
040 |a manes  |c manes 
100 1 |a P.R.P  |b Autor 
245 0 0 |a  Gramática elemental según el sistema cíclico. Segundo grado. 
260 |a Barcelona  |b Imprenta Elzeviriana- Borrás, Mestres y Cª  |c 1915 
300 |a 178 p.  |c 18 x 11 cm. 
500 |a Editado en cartoné. Es un manual de las Escuelas Pías ya que lleva su anagrama. 
546 |a España 
650 7 |a Lenguaje 
655 7 |a Primaria 
942 |2 ddc  |c BK 
999 |c 48552  |d 48552 
999 |c manes:48552  |d 48552